<?xml version="1.0" encoding="UTF-8"?><record xmlns="http://www.loc.gov/MARC21/slim" xmlns:zs="http://docs.oasis-open.org/ns/search-ws/sruResponse">
  <leader>00817cz  a2200181n  4500</leader>
  <controlfield tag="001">no 93022861 </controlfield>
  <controlfield tag="003">DLC</controlfield>
  <controlfield tag="005">20181106054311.0</controlfield>
  <controlfield tag="008">930802n| azannaabn          |n ana     c</controlfield>
  <datafield ind1=" " ind2=" " tag="010">
    <subfield code="a">no 93022861 </subfield>
  </datafield>
  <datafield ind1=" " ind2=" " tag="035">
    <subfield code="a">(OCoLC)oca03424615</subfield>
  </datafield>
  <datafield ind1=" " ind2=" " tag="040">
    <subfield code="a">DGPO</subfield>
    <subfield code="b">eng</subfield>
    <subfield code="e">rda</subfield>
    <subfield code="c">DGPO</subfield>
    <subfield code="d">FU</subfield>
    <subfield code="d">DLC</subfield>
  </datafield>
  <datafield ind1="2" ind2=" " tag="110">
    <subfield code="a">Haddon Craftsmen, Inc.</subfield>
  </datafield>
  <datafield ind1=" " ind2=" " tag="370">
    <subfield code="e">Camden (N.J.)</subfield>
    <subfield code="e">Scranton (Pa.)</subfield>
    <subfield code="2">naf</subfield>
  </datafield>
  <datafield ind1=" " ind2=" " tag="372">
    <subfield code="a">Printing</subfield>
    <subfield code="a">Bookbinding</subfield>
    <subfield code="2">lcsh</subfield>
  </datafield>
  <datafield ind1=" " ind2=" " tag="670">
    <subfield code="a">Haddon Craftsmen, Inc., Scranton, Pennsylvania, 1993:</subfield>
    <subfield code="b">t.p. (Haddon Craftsmen, Inc.) p. 1 (book bindery)</subfield>
  </datafield>
  <datafield ind1=" " ind2=" " tag="670">
    <subfield code="a">Five hundred years of printing from type, 1940:</subfield>
    <subfield code="b">t.p. (printed by The Haddon Craftsmen, Camden, New Jersey)</subfield>
  </datafield>
  <datafield ind1=" " ind2=" " tag="670">
    <subfield code="a">LC database, 7/30/93</subfield>
    <subfield code="b">(hdgs.: Haddon Craftsmen, inc.: located in Camden, N.J., on 1937 record; Haddon Craftsmen, inc., Camden, N.J.: heading used for 1930 record)</subfield>
  </datafield>
</record>
